Virtuální polytechnická knihovna - Souborný katalog - Úplný záznam dokumentu - MARC Uživatel: --- 
-----nas  22-----zu 4500
001 SKVPK0031861
003 CZ-VPK
005 20260422122345.0
008 260422d19061949||||| | |||  ||   |||||||
022   $a0369-7088
040   $aABA013$bcze
222  0$aOil & colour trades journal
245 00$aOil & colour trades journal
260   $aVelká Británie :$bLondon : Scott Greenwood,,$c1906-1949
650 07$aspotřební průmysl$xsp$2psh
780 00$tOil and colourman's journal
785 00$tPaint oil & colour journal,$x0030-9516
910   $aABA013$r1946-1948
OAI-PMH
 čtvrtek 14.05.2026 00:04:43 © 2001-2015 Národní technická knihovna 

[Virtuální polytechnická knihovna] [Servisní centrum] [Souborný katalog]